[Event "Chigorin Memorial 29th"]
[Site "St Petersburg"]
[Date "2022.10.24"]
[Round "3"]
[White "Shinkarev, Artem"]
[Black "Balabanov, Viacheslav"]
[Result "1-0"]
[WhiteElo "1987"]
[BlackElo "2248"]
[PlyCount "95"]
[EventDate "2022.10.22"]
[EventType "swiss"]
[EventRounds "9"]
[EventCountry "RUS"]
[SourceTitle "EXT 2024"]
[Source "ChessBase"]
[SourceDate "2023.10.10"]
[SourceVersion "1"]
[SourceVersionDate "2023.10.10"]
[SourceQuality "1"]

1. c4 Nf6 2. Nc3 d5 3. cxd5 Nxd5 4. e4 Nxc3 5. dxc3 Qxd1+ 6. Kxd1 Nc6 7. Nf3 Bg4 8. Kc2 e6 9. Bb5 Bxf3 10. gxf3 Bc5 11. Rg1 g6 12. Rg2 Ke7 13. f4 a6 14. Bc4 Rad8 15. b4 Bb6 16. Ba3 Kf6 17. Re1 Rd7 18. Bc1 Re8 19. h4 h5 20. Re2 Ne7 21. f5 exf5 22. exf5 Kg7 23. Bg5 f6 24. Bf4 Rf8 25. Be6 Rdd8 26. fxg6 c5 27. a3 cxb4 28. axb4 Nd5 29. Bxd5 Rxd5 30. Re7+ Kg8 31. Rxb7 Bd8 32. Bh6 Re8 33. Rg7+ Kh8 34. Rh7+ Kg8 35. Rg7+ Kh8 36. Rf7 Kg8 37. Be3 a5 38. Bc5 axb4 39. cxb4 Re4 40. Rf8+ Kg7 41. Rf7+ Kg8 42. f3 Re8 43. Rd2 Rxd2+ 44. Kxd2 f5 45. Rh7 Bxh4 46. Bd4 Kf8 47. Rh8+ Ke7 48. g7 1-0

[Event "Chigorin Memorial 29th"]
[Site "St Petersburg"]
[Date "2022.10.23"]
[Round "2"]
[White "Balabanov, Viacheslav"]
[Black "Gordon, Evgeny"]
[Result "1/2-1/2"]
[WhiteElo "2248"]
[BlackElo "1969"]
[PlyCount "131"]
[EventDate "2022.10.22"]
[EventType "swiss"]
[EventRounds "9"]
[EventCountry "RUS"]
[SourceTitle "EXT 2024"]
[Source "ChessBase"]
[SourceDate "2023.10.10"]
[SourceVersion "1"]
[SourceVersionDate "2023.10.10"]
[SourceQuality "1"]

1. e4 e6 2. d4 d5 3. Nc3 dxe4 4. Nxe4 Bd7 5. Nf3 Bc6 6. Bd3 Nd7 7. 0-0 Ngf6 8. Qe2 Be7 9. Neg5 Bxf3 10. Qxf3 c6 11. Bxh7 Rxh7 12. Nxh7 Nxh7 13. c4 Nb6 14. Rd1 Nf6 15. b3 Kf8 16. Bf4 Nbd7 17. Rd3 Qa5 18. g4 e5 19. Bd2 Bb4 20. Bxb4+ Qxb4 21. Qf5 exd4 22. g5 Qc5 23. Qxc5+ Nxc5 24. Rxd4 Ne6 25. Rh4 Nxg5 26. Rh8+ Ng8 27. Rd1 Ke7 28. Kg2 Ne6 29. Kg3 Re8 30. f4 Nh6 31. Rxe8+ Kxe8 32. b4 Ke7 33. c5 f5 34. Kf3 Ng4 35. a4 Nf6 36. Rc1 Nd5 37. b5 cxb5 38. axb5 Nd4+ 39. Kf2 Nxb5 40. c6 bxc6 41. Rxc6 Nbc7 42. Kg3 Kd7 43. Rc5 Kd6 44. Ra5 a6 45. Kh4 Kc6 46. Kh5 Kb6 47. Ra1 Ne7 48. Rb1+ Ka7 49. h4 a5 50. Rc1 Ncd5 51. Kg5 Ka6 52. h5 a4 53. h6 gxh6+ 54. Kxh6 Ka5 55. Kg5 a3 56. Rb1 Ka4 57. Rb7 a2 58. Ra7+ Kb3 59. Rb7+ Kc3 60. Ra7 Kb2 61. Rb7+ Kc2 62. Ra7 Kb2 63. Rb7+ Kc3 64. Ra7 Kb3 65. Rb7+ Kc4 66. Ra7 1/2-1/2